[Event "IECG CF.2002.0.00029 email"]
[Site "IECG email"]
[Date "2002.07.08"]
[Round "?"]
[White "Dowling, Jamie Patrick"]
[Black "Xyko, Kenny"]
[Result "1/2-1/2"]
[WhiteElo "1158"]
[BlackElo "1004"]
[PlyCount "78"]
[EventDate "2002.07.08"]
[EventType "tourn (corr)"]
[EventRounds "6"]
[SourceTitle "Corr 2008"]
[Source "ChessBase"]
[SourceDate "2008.06.24"]
[SourceVersion "1"]
[SourceVersionDate "2008.06.24"]
[SourceQuality "1"]

1. e4 c5 2. Nc3 a6 3. Nf3 d6 4. d4 Nd7 5. dxc5 Nxc5 6. Bd3 g6 7. Be3 Bg7 8. Qd2 Bg4 9. Ng1 Rc8 10. h3 Bd7 11. f4 Qb6 12. 0-0-0 Qb4 13. Bxc5 Qxc5 14. e5 dxe5 15. Bxa6 Qd4 16. Bxb7 Rb8 17. Bf3 Qxf4 18. Qxf4 exf4 19. Nge2 e5 20. Rhe1 Ne7 21. Ne4 f5 22. Nd6+ Kf8 23. Nb7 Be8 24. Nc5 Bh6 25. Nc3 e4 26. N3xe4 fxe4 27. Rxe4 Nf5 28. Nd7+ Bxd7 29. Rxd7 Re8 30. Rc4 Bg5 31. a4 Re7 32. Rc8+ Kg7 33. Rxe7+ Bxe7 34. Rxh8 Kxh8 35. a5 Kg7 36. a6 Bc5 37. b4 Be3+ 38. Kb2 Kf6 39. c4 Ba7 1/2-1/2

[Event "IECG CP.2001.P.00076"]
[Site "IECG email"]
[Date "2001.10.01"]
[Round "?"]
[White "Dowling, Jamie Patrick"]
[Black "Betts, Michael"]
[Result "1-0"]
[WhiteElo "1000"]
[BlackElo "1667"]
[PlyCount "109"]
[EventDate "2001.10.01"]
[EventType "tourn (corr)"]
[EventRounds "6"]
[SourceTitle "Corr 2008"]
[Source "ChessBase"]
[SourceDate "2008.06.24"]
[SourceVersion "1"]
[SourceVersionDate "2008.06.24"]
[SourceQuality "1"]

1. e4 c5 2. Nf3 d6 3. d4 cxd4 4. Nxd4 Nf6 5. Nc3 a6 6. Rg1 e5 7. Nb3 Be7 8. g4 b5 9. g5 Nfd7 10. Be3 Bb7 11. Nd5 Nc6 12. Bh3 Nc5 13. Qh5 Nxb3 14. axb3 g6 15. Qh4 Nd4 16. Bxd4 Bxd5 17. Bxe5 dxe5 18. exd5 h6 19. Rd1 Bxg5 20. Qb4 f5 21. c4 Rh7 22. c5 e4 23. d6 Rc8 24. Qd4 Qd7 25. Qe5+ Kf7 26. Rd4 e3 27. f4 Bh4+ 28. Ke2 Bf2 29. Qd5+ Kf6 30. Rc1 Qe6 31. d7 Qxd5 32. Rxd5 Rd8 33. c6 Rhxd7 34. Rxd7 Rxd7 35. cxd7 Ke7 36. Rd1 Kd8 37. Rd6 h5 38. b4 Bh4 39. Rxg6 Kxd7 40. Bxf5+ Kc7 41. Rh6 Be7 42. Rxh5 Bxb4 43. Kxe3 Be7 44. Rh7 Kd8 45. h4 a5 46. b3 a4 47. bxa4 bxa4 48. Bb1 Kd7 49. h5 Ke8 50. h6 Bc5+ 51. Ke4 Bf8 52. Ba2 Bxh6 53. Rxh6 Kd8 54. f5 Kd7 55. f6 1-0

[Event "IECG Q3.2001.0.00103"]
[Site "IECG email"]
[Date "2001.04.10"]
[Round "?"]
[White "Dowling, Jamie Patrick"]
[Black "Olesen, Esper"]
[Result "1/2-1/2"]
[WhiteElo "1000"]
[BlackElo "1350"]
[PlyCount "64"]
[EventDate "2001.04.10"]
[EventType "tourn (corr)"]
[EventRounds "6"]
[SourceTitle "Corr 2008"]
[Source "ChessBase"]
[SourceDate "2008.06.24"]
[SourceVersion "1"]
[SourceVersionDate "2008.06.24"]
[SourceQuality "1"]

1. e4 e5 2. f4 exf4 3. Nf3 Nf6 4. e5 Nd5 5. Bc4 Nb6 6. Bb3 d6 7. 0-0 Bg4 8. exd6 Bxd6 9. Re1+ Be7 10. Bxf7+ Kxf7 11. Ne5+ Kg8 12. Qxg4 Bc5+ 13. Kh1 Qf6 14. Nd3 N8d7 15. Nc3 h5 16. Qf3 Bd6 17. Ne4 Qg6 18. Nxf4 Bxf4 19. Qxf4 Nd5 20. Qf3 Rf8 21. Qb3 c6 22. d3 N7f6 23. Bd2 Kh7 24. Qxb7 Nxe4 25. dxe4 Rf2 26. Rg1 Rxd2 27. exd5 cxd5 28. Rad1 Rxd1 29. Rxd1 Qxc2 30. Qxd5 Kh6 31. Qd2+ Qxd2 32. Rxd2 Rc8 1/2-1/2

[Event "IECG Q3.2001.0.00103"]
[Site "IECG email"]
[Date "2001.04.10"]
[Round "?"]
[White "Olesen, Esper"]
[Black "Dowling, Jamie Patrick"]
[Result "0-1"]
[WhiteElo "1350"]
[BlackElo "1000"]
[PlyCount "50"]
[EventDate "2001.04.10"]
[EventType "tourn (corr)"]
[EventRounds "6"]
[SourceTitle "Corr 2008"]
[Source "ChessBase"]
[SourceDate "2008.06.24"]
[SourceVersion "1"]
[SourceVersionDate "2008.06.24"]
[SourceQuality "1"]

1. e4 g6 2. d4 Bg7 3. Nf3 d6 4. Bc4 Nf6 5. Nc3 0-0 6. Bg5 Nxe4 7. Nxe4 d5 8. Bxd5 Qxd5 9. Nc3 Qd6 10. 0-0 Nc6 11. Re1 Bg4 12. h3 Bxf3 13. gxf3 Bxd4 14. Bxe7 Nxe7 15. Ne4 Qb6 16. c3 Bg7 17. Qc2 Nf5 18. Rab1 Nh4 19. Re3 Bh6 20. Rd3 Qe6 21. Kh2 Bf4+ 22. Ng3 Rad8 23. Rbd1 Qf5 24. Kg1 Qxh3 25. Rxd8 Qg2# 0-1